000 00671nam a22002057a 4500
003 OSt
005 20250901084352.0
008 250901b |||||||| |||| 00| 0 eng d
020 _a13: 978-0-205-52951-3.
040 _aDWCL-Main lib.
_cOC
082 _aCirc. 158.3 R374t 2008
100 _aMichael D. Reiter
245 _aTherapeutic interviewing :
_bessential skills and contexts of counseling/
_cMichael D. Reiter
260 _aBoston :
_b Pearson Education, Inc.,
_c c2008.
300 _a xxi, 394 p.
_c23 cm.
504 _aIncludes bibliographical references and index.
650 _a1. Counseling.
650 _a2. Interviewing.
942 _2ddc
_cBK-CIRC
_kCirc.
_n0
999 _c4448
_d4448